Detalles MARC
| 000 -LÍDER |
| Campo fijo de descripción fija |
00959nam a22002657a 4500 |
| 001 - NÚMERO DE CONTROL |
| Campo de control |
1440 |
| 003 - IDENTIFICADOR DEL NÚMERO DE CONTROL |
| Campo de control |
CO-MdFUSB |
| 005 - FECHA Y HORA DE LA ULTIMA TRANSACCIÓN |
| control field |
20190202100505.0 |
| 008 - ELEMENTOS DE LONGITUD FIJA -- INFORMACIÓN GENERAL |
| Campo fijo de descripción fija -- Información general |
170307t1951 xxu||||| |||| 00| 0 eng d |
| 040 ## - FUENTE DE CATALOGACIÓN |
| Agencia de catalogación original |
CO-MdFUSB |
| Idioma de catalogación |
spa |
| Agencia que realiza la transcripción |
CO-MdFUSB |
| Agencia que realiza la modificación |
CO-MdFUSBC |
| Convenciones de la descripción |
rda |
| 041 0# - CÓDIGO DE IDIOMA |
| Código de idioma para texto/pista de sonido o título separado |
eng |
| 082 04 - NÚMERO DE CLASIFICACIÓN DECIMAL DEWEY |
| Número de clasificación |
G 201 B9748t |
| 100 1# - ASIENTO PRINCIPAL--NOMBRE PERSONAL |
| Nombre personal |
Burtt, Edwin A. (Edwin Arthur) (1892-) |
| Término relacionador |
autor |
| 245 #0 - TÍTULO |
| Título del Material |
Types of religious philosophy |
| Mención de responsabilidad, etc. |
/ Edwin A. Burt |
| Parte restante del título - Subtitulo |
|
| 250 ## - MENCIÓN DE EDICIÓN |
| Mención de edición |
ed. Revisada |
| 264 #1 - PRODUCCIÓN, PUBLICACIÓN, DISTRIBUCIÓN, MANUFACTURA, Y COPYRIGHT |
| Lugar de producción, publicación, distribución, manufactura |
New York, N.Y., USA : |
| Nombre del productor, publicador, distribuidor |
Harper & Brothers, |
| Fecha de producción, publicación, distribución, manufactura, o copyright |
©1951 |
| 300 ## - DESCRIPCIÓN FÍSICA |
| Extensión |
XI, 468 Pag. |
| Otros detalles físicos |
|
| Dimensiones |
|
| 336 ## - TIPO DE CONTENIDO |
| Fuente |
rdacontent |
| Término de tipo de contenido |
|
| Código de tipo de contenido |
|
| 337 ## - TIPO DE MEDIO |
| Fuente |
rdamedia |
| Nombre del tipo de medio |
|
| Código del tipo de medio |
|
| 338 ## - TIPO DE SOPORTE |
| Fuente |
rdacarrier |
| Nombre del tipo de soporte |
|
| Código Tipo de soporte |
|
| 501 ## - NOTA DE “CON” |
| Nota de Contenido |
Pasta dura |
| 505 00 - NOTA DE CONTENIDO |
| Nota de contenido con formato preestablecido |
Historia de la filosofía de la religión - Filosofías del Occidente : catolocismo, protestantismo, ciencia, idealismo, liberalismo, humanismo, sobrenaturalismo - Cuestiones de filosofía religiosa |
| 650 #7 - ASIENTO SECUNDARIO DE MATERIA - TERMINO TEMÁTICO |
| Término temático o nombre geográfico como elemento de entrada |
Filosofía y religión |
| Subdivisión de forma |
Historia |
| Fuente del encabezamiento o término |
|
| 9 (RLIN) |
198 |
| 942 ## - TIPO DE MATERIAL (KOHA) |
| Tipo de Item KOHA |
Libros General |